000 00943nam0a22003011 4500
001 RU\INFOCOMM_327\NLR\5000051228
005 20250613111915.0
035 _a(NLR Aleph) 009598906
090 _a9298065
_c9298065
100 _a20130306d1968 |||y0rusy50 ca
101 1 _afre
_crus
102 _aRU
105 _ay z |||||
200 1 _aCours d'hydraulique
_fB. Nékrassov
_gTrad. du russe par G. Dountchevski
210 _aM.
_c"Mir"
_d1968
215 _a284, [6] с.
_cил.
_d22 см
225 1 _aTechnique soviétique
300 _aНа обороте тит. л.: Б. Некрасов. Гидравлика
620 _aМосква
686 _aТ2-250
_2rubbk
686 _aˆ[‰Ж123я73-1]
_2rubbk
700 1 _9z03790
_aNekrasov
_bB. B.
_gBoris Borisovič
790 1 _9z03700
_aNékrassov
_bB.
_4070
801 1 _aRU
_bInfocomm
_c20130306
801 0 _aRU
_bINFOCOMM
_gPSBO
852 _aNLR
_jТ25 Д-5/1
942 _cBOOK
980 _aNB